Fine Arts - Visual Fine Arts | 1 | 4 | 1 | 0 | 50 | 77 | 97.80 | 1 | 5 |
Literature - British Literature | 0 | 5 | 0 | 1 | 50 | 103 | 121.00 | 1 | 5 |
Literature - European Literature | 0 | 5 | 1 | 2 | 45 | 125 | 134.40 | 0 | 3 |
Fine Arts - Auditory Fine Arts | 0 | 3 | 0 | 1 | 30 | 88 | 117.33 | 0 | 3 |
Fine Arts - Other Fine Arts | 0 | 3 | 1 | 1 | 25 | 117 | 130.00 | 0 | 3 |
Literature - World Literature | 0 | 2 | 0 | 0 | 20 | 109 | 115.50 | 0 | 1 |
Science - Chemistry | 0 | 2 | 0 | 1 | 20 | 133 | 137.00 | 0 | 2 |
Science - Other Science | 0 | 2 | 0 | 1 | 20 | 106 | 114.50 | 0 | 0 |
Religion | 0 | 1 | 0 | 0 | 10 | 135 | 135.00 | 0 | 1 |
Science - Biology | 0 | 2 | 2 | 1 | 10 | 86 | 110.00 | 1 | 1 |
Science - Physics | 0 | 1 | 0 | 0 | 10 | 87 | 87.00 | 0 | 0 |
Literature - American Literature | 0 | 1 | 0 | 0 | 10 | 96 | 96.00 | 1 | 1 |
Pop Culture | 0 | 0 | 0 | 0 | 0 | | 0.00 | 0 | 0 |